| 000 | 01541nam0a2200337 4500 | ||
|---|---|---|---|
| 001 | RU\NLR\BIBL_A\022710046 | ||
| 005 | 20260409001536.0 | ||
| 010 |
_a978-5-00270-251-0 _918 |
||
| 035 | _a(NLR Aleph) 022710046 | ||
| 090 |
_a13647126 _c13647126 |
||
| 100 | _a20260128d2025 k y0rusy50 ca | ||
| 101 | 0 | _arus | |
| 102 | _aRU | ||
| 105 | _aa|||z|||000yy | ||
| 181 | 0 |
_ai3 _baxxe |
|
| 182 | 0 | _an | |
| 200 | 1 |
_aФормирование функциональной грамотности при обучении физике _eмонография _fН. А. Антонова, Д. А. Незнамова, К. Ю. Бабинова |
|
| 203 |
_aТекст _bвизуальный _cнепосредственный |
||
| 210 |
_aМосква _cПеро _d2025 |
||
| 215 |
_a245 с. _cил., табл. _d21 |
||
| 300 | _aНа 245-й с. 1-й авт.: Антонова Н. А., канд. пед. наук, доц. | ||
| 320 | _aБиблиогр.: с. 177-195 (114 назв.) | ||
| 606 | 1 |
_aФизика _xПреподавание _xСредняя школа _91689448 _3RU\NLR\AUTH\661049384 |
|
| 686 | 1 | _aЧ426.51 | |
| 700 | 1 |
_7ca _8rus _aАнтонова _bН. А. _cпреподаватель, физика _gНадежда Анатольевна _9253194 _3RU\NLR\AUTH\770253250 |
|
| 701 | 1 |
_aНезнамова _bД. А. _gДарья Александровна |
|
| 701 | 1 |
_aБабинова _bК. Ю. _gКсения Юрьевна |
|
| 942 | _cBOOK | ||
| 980 | _aNB | ||